Véletlenül előidézett házi malária-endemia a kolozsvári belgyógyászati klinikán

Elmentve itt :
Bibliográfiai részletek
Szerző: Jancsó Miklós
Dokumentumtípus: Cikk
Megjelent: 1903
Sorozat:Kolligátum
Kulcsszavak:Malária, Járványügy
Online Access:http://misc.bibl.u-szeged.hu/22908
LEADER 00590nab a2200169 i 4500
001 misc22908
005 20191108150450.0
008 170727s1903 hu o 0|| zxx d
040 |a SZTE Miscellanea Repozitórium  |b hun 
041 |a zxx 
100 1 |a Jancsó Miklós 
245 1 0 |a Véletlenül előidézett házi malária-endemia a kolozsvári belgyógyászati klinikán  |h [elektronikus dokumentum] /  |c  Jancsó Miklós 
260 |c 1903 
300 |a 1-35 
490 0 |a Kolligátum 
695 |a Malária, Járványügy 
856 4 0 |u http://misc.bibl.u-szeged.hu/22908/1/22628_001-035.pdf  |z Dokumentum-elérés